00683nam a2200241 a 4500001001300000003000900013005001700022008004100039020002200080082001600102100001300118245002900131260003800160300000800198500003500206650001000241650001800251700001300269902000800282942000700290952012700297999001700424nice12345678IN_TiNIC20260116014758.0090727s2006 newa grp 000 0 eng  a8189524127 c2500a297.09bROY aRoy, M N aHistorical Role of Islam aNew Delhi bCritical Quest c2006 a40p aincludes index and biblioraphy aIslam aIslam-History1 aRoy, M N bSRS cBK 001040708StackRoom-aHMIbHMId2010-11-16g25.00l1o297.09 ROYp022848r2019-07-30s2019-07-30v25.00w2009-07-27yBK c16916d16916